OCP Oracle Database 10g New Features for Administrators Exam Guide (Record no. 4890)

MARC details
005 - DATE AND TIME OF LATEST TRANSACTION
control field 20250625042251.0
020 ## - INTERNATIONAL STANDARD BOOK NUMBER
International Standard Book Number 0-07-225862-4
082 ## - DEWEY DECIMAL CLASSIFICATION NUMBER
Classification number 005.74 ALA
100 ## - MAIN ENTRY--PERSONAL NAME
Author name ALAPATI, R. S.
245 ## - TITLE STATEMENT
Title OCP Oracle Database 10g New Features for Administrators Exam Guide
260 ## - PUBLICATION, DISTRIBUTION, ETC.
Place of publication, distribution, etc. New York
Name of publisher, distributor, etc. McGraw-Hill
Date of publication, distribution, etc. 2004.
300 ## - PHYSICAL DESCRIPTION
Extent xxxvi, 649p.
Other physical details Glossary and Index
Dimensions 23cm
942 ## - ADDED ENTRY ELEMENTS (KOHA)
Source of classification or shelving scheme Dewey Decimal Classification
Koha item type Books
Holdings
Date last seen Total checkouts Full call number Barcode Cost, replacement price Price effective from Koha item type Lost status Source of classification or shelving scheme Damaged status Not for loan Withdrawn status Home library Current library Shelving location Date acquired Source of acquisition Cost, normal purchase price
06/25/2025   005.7 ALA MZA0001814 270000.00 06/25/2025 Books   Dewey Decimal Classification       CBE Mwanza CBE Mwanza General Collection 07/16/2007 Library Budget 90000.00
06/25/2025   005.7 ALA MZA0001815 270000.00 06/25/2025 Books   Dewey Decimal Classification       CBE Mwanza CBE Mwanza General Collection 07/16/2007 Library Budget 90000.00
06/25/2025   005.7 ALA MZA0001816 270000.00 06/25/2025 Books   Dewey Decimal Classification       CBE Mwanza CBE Mwanza General Collection 07/16/2007 Library Budget 90000.00
06/25/2025   005.7 ALA MZA0001817 270000.00 06/25/2025 Books   Dewey Decimal Classification       CBE Mwanza CBE Mwanza General Collection 07/16/2007 Library Budget 90000.00
06/25/2025   005.7 ALA MZA0001818 270000.00 06/25/2025 Books   Dewey Decimal Classification       CBE Mwanza CBE Mwanza General Collection 07/16/2007 Library Budget 90000.00